|
|
|
|
| LEADER |
00000nab a2200000 a 4500 |
| 001 |
vtls009478213 |
| 003 |
SK-MaSNL |
| 005 |
20260303044816.0 |
| 008 |
140301c20090127xo dr|p|||||||000 b|slo |
| 015 |
|
|
|a SNBRB2009/02
|2 snkbucl
|
| 038 |
|
|
|a SNKBUCL
|
| 040 |
|
|
|a SNKBUCL
|b slo
|c SNKBUCL
|e AACR2
|
| 041 |
0 |
|
|a slo
|
| 044 |
|
|
|a xo
|c SK
|
| 080 |
|
|
|a 336.7-051
|2 2001
|
| 080 |
|
|
|a 929 Templeton, John M.
|2 2001
|
| 100 |
1 |
|
|a Paul, Norbert
|4 aut
|9 1034442
|
| 245 |
1 |
0 |
|a John M. Templeton - otec globálneho investovania
|b predstavujeme jedného z najväčších akciových investorov 20. storočia Sira Johna Templetona (1912-2008)
|c Norbert Paul
|
| 300 |
|
|
|b Fotogr.
|
| 600 |
1 |
7 |
|a Templeton, John M.,
|d 1912-2008
|2 snkbucl
|9 1034443
|
| 773 |
0 |
|
|t Hospodárske noviny
|g Roč. XVII., č. 17 (27.1.2009)
|x 1335-4701
|
| 773 |
0 |
8 |
|t Peniaze a investície
|g S. 24
|
| 852 |
|
|
|a SNK
|b KIS3GCP
|
| 958 |
|
|
|a BC
|
| 958 |
|
|
|a US
|
| 999 |
|
|
|c 1701577
|d 1703507
|